Wort-Kette: Wörter mit 3 Buchstaben - Statistiken

Allgemein
  • Dieses Quiz wurde 477 mal gespielt
  • Das Durchschnittsergebnis liegt bei 19 aus 30
Antwortstatistiken
Hinweis Antwort % Korrekt
Zeitmesser Uhr
93%
getrocknetes Gras Heu
92%
Himmelsrichtung Ost
90%
Lebensende Tod
90%
Tierpark Zoo
83%
afrikan. Fluss Nil
82%
Kopfbedeckung Hut
80%
japan. Währung Yen
77%
Gebirgssenke Tal
70%
lat.: Sonne Sol
69%
alkohol. Getränk Rum
67%
Getränk Tee
66%
Hirschart Reh
64%
Zugmaschine (kurz) Lok
62%
Personalpronomen Ich
59%
Körperteil Ohr
59%
Speisebrei Mus
58%
Maueröffnung Tor
56%
weibl. Nutztier Sau
53%
Kartenspiel Uno
53%
austral. Wappentier Emu
52%
griech. Insel Kos
51%
Elend Not
49%
Mineral Erz
48%
Grad (Kampfsport) Dan
44%
rechter Winkel Lot
44%
schweiz. Kanton Uri
44%
Wende beim Segeln Ree
42%
Rindermagen Lab
37%
türk. Titel Bey
24%
Keine übereinstimmenden Quizze gefunden
Verteilung der Resultate
Anzahl Personen mit jedem Resultat
Perzentil nach korrekt beantworteten Fragen
Ihre Resultats-Entwicklung
Sie haben dieses Quiz noch nicht gespielt